LIBRARY & INFORMATION CENTRE, KCAET, TAVANUR

ONLINE PUBLIC ACCESS CATALOGUE (OPAC)

Soil testing and analysis: plant, water and pesticide residues (Record no. 13788)

MARC details
000 -LEADER
fixed length control field 00405nam a22001577a 4500
020 ## - INTERNATIONAL STANDARD BOOK NUMBER
ISBN 9788189422707
082 ## - DEWEY DECIMAL CLASSIFICATION NUMBER
Classification number 631.4
Item number PAT/SO
100 ## - MAIN ENTRY--AUTHOR NAME
Personal name Patiram
245 ## - TITLE STATEMENT
Title Soil testing and analysis: plant, water and pesticide residues
260 ## - PUBLICATION, DISTRIBUTION, ETC. (IMPRINT)
Place of publication New Delhi
Name of publisher New India Publishing Agency
Year of publication 2007
300 ## - PHYSICAL DESCRIPTION
Number of Pages 220 p
700 ## - ADDED ENTRY--PERSONAL NAME
Personal name Brajendra
700 ## - ADDED ENTRY--PERSONAL NAME
Personal name Azad Thakur, N.S
700 ## - ADDED ENTRY--PERSONAL NAME
Personal name Ramesh, T
942 ## - ADDED ENTRY ELEMENTS (KOHA)
Koha item type Books
Holdings
Withdrawn status Lost status Damaged status Collection code Home library Current library Shelving location Date acquired Source of acquisition Cost, normal purchase price Full call number Accession Number Koha item type
      Non-fiction KAUAET KAUAET General Stacks 31/03/2012 Universal Research Books, Trichur 590.00 631.4 PAT/SO 23360 Books
free website counter